000
00286nam a2200109Ia 4500
008
220204s9999 xx 000 0 und d
082
_a
301.19
_b
PAR
100
_a
Parsons, Talcott
245
0
_a
Sociological theory and modern society
260
_a
New York
_b
Free Press
_c
1967
942
_c
BK
999
_c
29154
_d
29154